00272 a2200121 4500001000700000040003500007100001700042240003400059245002900093300000700122362000900129440001200138153016 cEscola São Tomás de Aquino aBLOCH, Pedro10aPai, me compra um amigo?lpor10aPai, me compra um amigo? a900 a1996 1aEdiouro